000
00293nam a22001337a 4500
008
170527b xxu||||| |||| 00| 0 eng d
020
_a
0132791587
041
_a
eng
080
_2
3RD
_a
621
100
_a
27
101
_a
IM
245
_a
ENGINEERING MECHANICS
_c
SHAMES, I.H
942
_2
udc
_c
BK
999
_c
14696
_d
14696